Normale Ansicht MARC-Ansicht ISBD

Oboronno-promyšlennyj kompleks SSSR v gody Otečestvennoj vojny (ijun' 1941-1945) (Titelsatznr. 70825)

[ MARC ]
MARC-Details
000 -Satzkennung
Kontrollfeld mit fester Länge 01563nad a22003853uc4500
001 - Kontrollnummer
Kontrollfeld BV047120326
003 - Kontrollnummer Identifier
Kontrollfeld DE-604
005 - Datum und Zeit der letzten Transaktion
Kontrollfeld 20240516153621.0
007 - Feld mit fester Länge zur physischen Beschreibung - Allgemeine Information
Kontrollfeld mit fester Länge t
008 - Feld mit fester Länge zur physischen Beschreibung - Allgemeine Angaben
Kontrollfeld mit fester Länge 210202s2020 |||| 00||| rus d
020 ## - Internationale Standardbuchnummer
Internationale Standardbuchnummer 9785422416707
Verknüpfung 978-5-4224-1670-7
035 ## - Systemkontrollnummer
System-Kontrollnummer (OCoLC)1237586732
035 ## - Systemkontrollnummer
System-Kontrollnummer (DE-599)BVBBV047120326
040 ## - Katalogisierungsquelle
Original-Katalogisierungsstelle DE-604
Katalogisierungssprache ger
Übertragungsstelle RU-10907106
041 0# - Sprachcode
Sprachcode des Textes/der Tonspur oder des separaten Titels rus
049 ## - Lokaler Bestand (OCLC)
Holding library DE-12
084 ## - Andere Notation
Zuweisende Stelle DE-12
245 10 - Titel
Titel Oboronno-promyšlennyj kompleks SSSR v gody Otečestvennoj vojny (ijun' 1941-1945)
Zählung des Teils/der Abteilung eines Werkes Tom 5
-- Častʹ 1
Titel eines Teils/einer Abteilung eines Werkes (ijun' 1941-1942)
Verfasserangabe etc. Redakcionnaja kollegija toma: A.N. Artizov (predsedatel') [und viele weitere]
264 #1 - Produktion, Veröffentlichung, Distribution, Herstellung und Urheberrechtsvermerk
Herstellungs-, Veröffentlichungs- Vertriebs-, Erzeugungsort Moskva
Produzent, Herausgeber, Distributor, Hersteller Knižnyj klub Knigovek
Datum der Herstellung, der Veröffentlichung, des Vertriebs oder des Urheberschutzvermerks 2020
300 ## - Physische Beschreibung
Umfang 872 Seiten
Andere physische Details graphische Darstellungen
336 ## - Inhaltstyp
Inhaltstypterm Text
Inhaltstypcode txt
Quelle rdacontent
337 ## - Medientyp
Bezeichnung des Medientyps ohne Hilfsmittel zu benutzen
Medientypcode n
Quelle rdamedia
338 ## - Datenträgertyp
Datenträgertypbezeichnung Band
Datenträgertypcode nc
Quelle rdacarrier
490 0# - Gesamttitelangabe
Gesamttitelangabe Istorija sozdanija i razvitija oboronno-promyšlennogo kompleksa Rossii i SSSR 1900-1963
648 ## - Nebeneintragung unter einem Schlagwort - Zeitschlagwort
Zeitschlagwort 1941-1942
Koha-Normdatenidentnummer 11362
650 ## - Nebeneintragung unter einem Schlagwort - Sachschlagwort
Sachschlagwort oder geografischer Name als Eintragungselement Zweiter Weltkrieg
651 ## - Nebeneintragung unter einem Schlagwort - Geografischer Name
Geografischer Name Sowjetunion
655 #7 - Indexierungsterm - Genre/Form
IDN des Normdatensatzes
Genre/Form oder fokussierter Term Quelle
Quelle der Ansetzung oder des Terms gnd-content
Koha-Normdatenidentnummer 216
700 1# - Nebeneintragung - Personenname
Personenname Artizov, Andrej Nikolaevič
Datumsangaben in Verbindung mit einem Namen 1958-
IDN des Normdatensatzes oder Standardnummer (DE-588)1041291078
Funktionsbezeichnungscode edt
Koha-Normdatenidentnummer 62815
Funktionsbezeichnung HerausgeberIn
700 1# - Nebeneintragung - Personenname
Personenname Il'in, Ju. V.
Funktionsbezeichnungscode edt
Funktionsbezeichnung HerausgeberIn
Koha-Normdatenidentnummer 63623
700 1# - Nebeneintragung - Personenname
Personenname Mironenko, S. V.
Funktionsbezeichnungscode edt
Funktionsbezeichnung HerausgeberIn
Koha-Normdatenidentnummer 63624
773 08 - Übergeordnete Einheit
Zählung und erste Seite Tom5,1
Datensatzkontrollnummer BV019888240
830 #0 - Nebeneintragung unter dem Gesamttitel - Einheitstitel
Einheitstitel Istorija sozdanija i razvitija oboronno-promyšlennogo kompleksa Rossii i SSSR 1900-1963
Bandnummer/Folgebezeichnung tom 5
Datensatzkontrollnummer (DE-604)BV019888240
Koha-Normdatenidentnummer 62816
942 ## - Zusätzliche Felder (Koha)
Klassifikation oder Aufstellungssystematik Andere/Generische Klassifikation
Koha-Medientyp Monographien
Exemplare
Ausgeschieden Verloren Klassifikation oder Aufstellungssystematik Beschädigt Nicht entleihbar Heimatbibliothek Aufenthaltsbibliothek Aufstellungsort Erwerbungsdatum Inventarnummer Signatur Barcode Letzte Aktivität Preis gültig von Koha-Medientyp
    Andere/Generische Klassifikation     MWN Osteuropa MWN Osteuropa Magazin - 2 16/04/2024 24-00078 R 60 rb Art 1 (5/1) E00401082C17F8E6 16/04/2024 16/04/2024 Monographien